| 000 | 00631nam a2200181Ia 4500 | ||
|---|---|---|---|
| 008 | 100920s9999 xx 000 0 und d | ||
| 082 |
_b80641 _a891.464 थ 99 |
||
| 100 | _aकुळकर्णी द. भि. | ||
| 245 | _aपहिल्यांदा रणांगण. | ||
| 260 |
_bपॉप्युलर प्रकाशन, मुंबई. _c1999 |
||
| 300 |
_a277 _bसाधी |
||
| 365 | _b225 | ||
| 520 | _aनिबंध. | ||
| 630 | _aपहिल्यांदा रणांगण. | ||
| 650 | _aनिबंध. | ||
| 730 | _aपहिल्यांदा रणांगण. | ||
| 942 | _cBOOK | ||
| 999 |
_c721526 _d721523 |
||